[Event "Lozovatsky Memorial-B 2020"]
[Site "Chelyabinsk"]
[Date "2020.01.22"]
[Round "8.7"]
[White "Nugumanov, Bakhtiyar"]
[Black "Tologontegin, Semetey"]
[Result "1/2-1/2"]
[WhiteElo "2389"]
[BlackElo "2355"]
[Annotator "TA"]
[PlyCount "59"]
[EventDate "2020.01.15"]
[EventType "tourn"]
[EventCountry "RUS"]
[SourceTitle "playchess.com"]
[Source "ChessBase"]
[SourceQuality "1"]

{[%evp 12,59,14,4,33,24,23,22,18,5,7,6,18,6,3,0,0,0,15,12,22,18,22,16,24,9,11,11,26,29,83,63,80,0,0,0,0,0,0,0,0,0,0,0,0,0,0,0,0,0]} 1. d4 d5 2. c4 c6 3. cxd5 cxd5 4. Nc3 Nf6 5. Nf3 Nc6 6. Bf4 a6 7. Rc1 h6 {D13: Slav Defence: Exchange variation without ...Bf5} (7... Nh5 8. Bd2 Nf6 {½-½ (10) Aronian,L (2775)-Artemiev,V (2731) Moscow 2019}) 8. e3 Bg4 9. Be2 $146 ({Predecessor:} 9. Bd3 e6 10. Qb3 Na5 11. Qa4+ Nc6 12. Ne5 Rc8 13. Nxc6 Rxc6 14. Bxa6 {1-0 (62) Van Hoolandt,P (2171)-Albzour,A Istanbul 2012}) 9... e6 10. Ne5 (10. O-O {with more complications.} Bd6 11. Ne5 Bxe2 12. Nxe2 Bxe5 13. Bxe5 O-O 14. Bxf6 Qxf6 15. Qb3) 10... Bxe2 11. Qxe2 Nxe5 12. Bxe5 Bd6 13. Bxd6 Qxd6 14. O-O b5 15. Rc2 O-O 16. Rfc1 Qd7 17. g3 Rfc8 18. Nb1 Ne4 19. Nd2 Rxc2 20. Rxc2 Rc8 {[#]} (20... Nd6 $11 {keeps the balance.}) 21. Nxe4 $1 $16 dxe4 {[%mdl 4096] Endgame KQR-KQR} 22. Qd2 (22. Rc5 $16) 22... Kh7 $11 {The position is equal.} 23. Qc1 Rxc2 24. Qxc2 {KQ-KQ} Qd5 25. b3 Qf5 26. Qc6 Qf3 27. Qxa6 Qd1+ 28. Kg2 Qf3+ 29. Kg1 Qd1+ 30. Kg2 {Accuracy: White = 55%, Black = 56%.} 1/2-1/2

[Event "Lozovatsky Memorial-B 2020"]
[Site "Chelyabinsk"]
[Date "2020.01.22"]
[Round "8.8"]
[White "Somkin, Kirill"]
[Black "Tsvetkov, Pavel"]
[Result "0-1"]
[WhiteElo "2121"]
[BlackElo "2190"]
[Annotator "NA"]
[PlyCount "112"]
[EventDate "2020.01.15"]
[EventType "tourn"]
[EventCountry "RUS"]
[SourceTitle "playchess.com"]
[Source "ChessBase"]
[SourceQuality "1"]
[TimeControl "5400+30"]

1. e4 {[%emt 0:00:00]} e5 {[%emt 0:00:00]} 2. Nc3 {[%emt 0:00:00]} Nc6 {[%emt 0:00:00]} 3. Bc4 {[%emt 0:00:00]} Nf6 {[%emt 0:00:00]} 4. d3 {[%emt 0:00:09]} h6 {[%emt 0:00:29]} 5. a3 {[%emt 0:00:25]} d6 {[%emt 0:00:58]} 6. Nge2 {[%emt 0:00:58]} g5 {[%emt 0:03:24]} 7. Ng3 {[%emt 0:07:41]} Bg4 {[%emt 0:05:21]} 8. f3 {[%emt 0:05:04]} Be6 {[%emt 0:00:03]} 9. Be3 {[%emt 0:04:16]} Qd7 {[%emt 0:06:05]} 10. Qd2 {[%emt 0:04:05]} O-O-O {[%emt 0:00:56]} 11. Nd5 {[%emt 0:09:35]} Bg7 {[%emt 0:13:47]} 12. O-O-O {[%emt 0:19:47]} Kb8 {[%emt 0:00:17]} 13. h4 {[%emt 0:04:54]} gxh4 {[%emt 0:10:20]} 14. Rxh4 {[%emt 0:00:18]} Bxd5 {[%emt 0:00:03]} 15. exd5 {[%emt 0:03:19]} Ne7 $1 {[%emt 0:00:06]} 16. Rdh1 $11 {[%emt 0:10:22]} ({Much worse is} 16. Qa5 b6 $15) 16... Rhg8 {[%emt 0:08:57]} 17. Nh5 {[%emt 0:11:27]} Nf5 {[%emt 0:02:05]} 18. Bxa7+ {[%emt 0:01:14]} Kxa7 {[%emt 0:03:30]} 19. Qa5+ {[%emt 0:00:06]} Kb8 {[%emt 0:00:04]} 20. Bb5 {[%emt 0:00:13]} c6 {[%emt 0:00:28]} 21. Ra4 {[%emt 0:01:37]} Nxd5 {[%emt 0:02:23]} 22. Bxc6 {[%emt 0:00:46]} Qxc6 {[%emt 0:00:18]} 23. Qa7+ {[%emt 0:00:05]} Kc7 {[%emt 0:09:34]} 24. Rc4 {[%emt 0:00:02]} Nb6 {[%emt 0:02:15]} 25. Rxc6+ {[%emt 0:00:13]} Kxc6 {[%emt 0:00:03]} 26. Qa5 {[%emt 0:00:21]} Nd4 {[%emt 0:00:08]} 27. Qc3+ {[%emt 0:00:45]} Kd7 {[%emt 0:00:05]} 28. Qb4 {[%emt 0:00:13]} Kc7 {[%emt 0:00:15]} 29. c3 {[%emt 0:01:22]} Nc6 {[%emt 0:00:25]} 30. Qh4 {[%emt 0:00:49]} Bf8 {[%emt 0:00:15]} 31. Qf2 {[%emt 0:02:10]} Be7 {[%emt 0:02:07]} 32. Ng3 {[%emt 0:00:23]} Nd5 {[%emt 0:02:46]} 33. Kc2 {[%emt 0:03:11]} Rg5 {[%emt 0:03:09]} 34. Nf1 {[%emt 0:00:24]} Rdg8 {[%emt 0:00:20]} 35. g3 {[%emt 0:00:56]} h5 {[%emt 0:01:14]} 36. Kb1 {[%emt 0:01:23]} f5 {[%emt 0:05:52]} 37. c4 {[%emt 0:01:55]} Nf6 {[%emt 0:09:42]} 38. Rh2 {[%emt 0:00:03]} f4 {[%emt 0:00:39]} 39. gxf4 {[%emt 0:00:14]} exf4 {[%emt 0:00:04]} 40. b4 {[%emt 0:01:50]} Rg1 {[%emt 0:01:03]} 41. Ka2 {[%emt 0:01:15]} h4 {[%emt 0:01:27]} 42. Kb3 {[%emt 0:01:47]} Nd7 {[%emt 0:00:26]} 43. Nd2 {[%emt 0:01:13]} Bf6 {[%emt 0:00:35]} 44. Ne4 {[%emt 0:00:28]} Rb1+ {[%emt 0:02:03]} 45. Ka2 {[%emt 0:00:16]} Ra1+ {[%emt 0:03:12]} 46. Kb3 {[%emt 0:00:02]} Bd4 {[%emt 0:01:43]} 47. Qxh4 {[%emt 0:01:50]} Rb1+ {[%emt 0:00:06]} 48. Ka2 {[%emt 0:00:10]} Rgg1 {[%emt 0:00:05]} 49. c5 {[%emt 0:01:59]} d5 {[%emt 0:00:04]} 50. Qxf4+ {[%emt 0:01:11]} Be5 {[%emt 0:00:09]} 51. Qd2 {[%emt 0:00:09]} Ra1+ {[%emt 0:02:34]} 52. Kb3 {[%emt 0:00:01]} Rgb1+ {[%emt 0:00:05]} 53. Ka4 {[%emt 0:00:06]} dxe4 {[%emt 0:00:06]} 54. Rh7 {[%emt 0:00:34]} e3 {[%emt 0:00:51]} 55. b5 {[%emt 0:00:23]} exd2 {[%emt 0:00:19]} 56. b6+ {[%emt 0:00:02]} Kc8 {[%emt 0:00:10]} 0-1

[Event "Lozovatsky Memorial-B 2020"]
[Site "Chelyabinsk"]
[Date "2020.01.22"]
[Round "8.9"]
[White "Nugumanov, Bakhtiyar"]
[Black "Tologontegin, Semetey"]
[Result "1/2-1/2"]
[WhiteElo "2389"]
[BlackElo "2355"]
[Annotator "NA"]
[PlyCount "83"]
[EventDate "2020.01.15"]
[EventType "tourn"]
[EventCountry "RUS"]
[SourceTitle "playchess.com"]
[Source "ChessBase"]
[SourceQuality "1"]
[TimeControl "5400+30"]

1. d4 {[%emt 0:00:00]} Nf6 {[%emt 0:00:35]} 2. c4 {[%emt 0:01:50]} e6 {[%emt 0:00:21]} 3. Nf3 {[%emt 0:00:58]} d5 {[%emt 0:01:19]} 4. g3 {[%emt 0:00:43]} Bb4+ {[%emt 0:00:17]} 5. Bd2 {[%emt 0:00:25]} Be7 {[%emt 0:00:08]} 6. Bg2 {[%emt 0:00:33]} O-O {[%emt 0:00:10]} 7. O-O {[%emt 0:00:18]} Nbd7 {[%emt 0:00:14]} 8. Qc2 {[%emt 0:01:23]} Ne4 {[%emt 0:00:18]} 9. Nc3 {[%emt 0:03:49]} Nxd2 {[%emt 0:04:50]} 10. Nxd2 {[%emt 0:02:14]} c6 $14 {[%emt 0:08:27]} 11. Rfd1 {[%emt 0:03:06]} f5 {[%emt 0:08:01]} 12. a3 {[%emt 0:03:50]} Nf6 {[%emt 0:05:13]} 13. b4 {[%emt 0:03:46]} a6 {[%emt 0:03:00]} 14. Nf3 {[%emt 0:04:51]} Bd7 {[%emt 0:04:15]} 15. Ne5 {[%emt 0:03:57]} Be8 {[%emt 0:10:32]} 16. Na4 {[%emt 0:03:46]} Bd6 {[%emt 0:00:19]} 17. Nc5 {[%emt 0:06:43]} Qe7 {[%emt 0:00:20]} 18. Rab1 {[%emt 0:06:10]} g5 {[%emt 0:08:12]} 19. Ncd3 {[%emt 0:03:27]} Bg6 {[%emt 0:16:03]} 20. a4 {[%emt 0:03:10]} Ng4 {[%emt 0:09:16]} 21. Nxg6 {[%emt 0:03:56]} hxg6 {[%emt 0:00:09]} 22. b5 {[%emt 0:00:38]} axb5 {[%emt 0:00:34]} 23. axb5 {[%emt 0:00:08]} Qf6 {[%emt 0:06:45]} 24. e3 {[%emt 0:04:54]} f4 {[%emt 0:00:44]} 25. exf4 {[%emt 0:02:54]} gxf4 {[%emt 0:00:04]} 26. Bh3 {[%emt 0:03:37]} Nh6 {[%emt 0:04:44]} 27. bxc6 {[%emt 0:02:12]} fxg3 {[%emt 0:03:54]} 28. hxg3 {[%emt 0:00:17]} bxc6 {[%emt 0:00:03]} 29. cxd5 {[%emt 0:02:03]} cxd5 {[%emt 0:00:02]} 30. Rb6 {[%emt 0:00:17]} Rad8 {[%emt 0:00:52]} 31. Nc5 {[%emt 0:04:46]} Nf5 {[%emt 0:04:06]} 32. Bxf5 {[%emt 0:00:47]} gxf5 {[%emt 0:01:25]} 33. Nb7 {[%emt 0:00:39]} Rb8 {[%emt 0:00:23]} 34. Qe2 {[%emt 0:00:55]} f4 {[%emt 0:00:51]} 35. Rxd6 {[%emt 0:01:31]} Rxb7 {[%emt 0:00:04]} 36. Rxe6 {[%emt 0:00:45]} Qf5 {[%emt 0:00:56]} 37. Re5 {[%emt 0:00:59]} Qg6 {[%emt 0:00:01]} 38. Qf3 {[%emt 0:01:35]} Rb1 {[%emt 0:00:58]} 39. Qxd5+ {[%emt 0:02:01]} Kg7 {[%emt 0:00:00]} 40. Re7+ {[%emt 0:00:50]} Kh6 {[%emt 0:00:44]} 41. Qh1+ {[%emt 0:00:20]} Kg5 {[%emt 0:00:25]} 42. Qh4+ {[%emt 0:00:12]} 1/2-1/2

[Event "Lozovatsky Memorial-B 2020"]
[Site "Chelyabinsk"]
[Date "2020.01.22"]
[Round "8.9"]
[White "Mischuk, Dmitry"]
[Black "Sitnikov, Anton"]
[Result "*"]
[WhiteElo "2358"]
[BlackElo "2406"]
[Annotator "RC"]
[PlyCount "20"]
[EventDate "2020.01.15"]
[EventType "tourn"]
[EventCountry "RUS"]
[SourceTitle "playchess.com"]
[Source "ChessBase"]
[SourceQuality "1"]
[TimeControl "5400+30"]

1. d4 {[%emt 0:00:00]} Nf6 {[%emt 0:00:35]} 2. c4 {[%emt 0:01:50]} e6 {[%emt 0:00:21]} 3. Nf3 {[%emt 0:00:58]} d5 {[%emt 0:01:19]} 4. g3 {[%emt 0:00:43]} Bb4+ {[%emt 0:00:17]} 5. Bd2 {[%emt 0:00:25]} Be7 {[%emt 0:00:08]} 6. Bg2 {[%emt 0:00:33]} O-O {[%emt 0:00:10]} 7. O-O {[%emt 0:00:18]} Nbd7 {[%emt 0:00:14]} 8. Qc2 {[%emt 0:01:23]} Ne4 {[%emt 0:00:18]} 9. Nc3 {[%emt 0:03:49]} Nxd2 {[%emt 0:04:50]} 10. Nxd2 {[%emt 0:02:14]} c6 {[%emt 0:08:27]} *

[Event "Lozovatsky Memorial-B 2020"]
[Site "Chelyabinsk"]
[Date "2020.01.22"]
[Round "8.10"]
[White "Scherbakov, Mikhail"]
[Black "Ansat, Aldiyar"]
[Result "1-0"]
[WhiteElo "2232"]
[BlackElo "2263"]
[Annotator "NA"]
[PlyCount "179"]
[EventDate "2020.01.15"]
[EventType "tourn"]
[EventCountry "RUS"]
[SourceTitle "playchess.com"]
[Source "ChessBase"]
[SourceQuality "1"]
[TimeControl "5400+30"]

1. e4 {[%emt 0:00:00]} c5 {[%emt 0:00:00]} 2. Nf3 {[%emt 0:00:00]} d6 {[%emt 0:00:00]} 3. Bb5+ {[%emt 0:00:24]} Nd7 {[%emt 0:00:00]} 4. c3 {[%emt 0:00:25]} Ngf6 {[%emt 0:01:35]} 5. Qe2 {[%emt 0:00:10]} a6 {[%emt 0:01:31]} 6. Ba4 {[%emt 0:00:08]} b5 {[%emt 0:01:45]} 7. Bc2 {[%emt 0:00:11]} e5 {[%emt 0:00:29]} 8. O-O {[%emt 0:01:38]} Be7 {[%emt 0:00:37]} 9. d4 {[%emt 0:01:17]} O-O {[%emt 0:00:57]} 10. Re1 {[%emt 0:02:16] B51: Sicilian: Moscow Variation (3 Bb5+) without 3...Bd7} (10. Rd1 Qc7 11. d5 c4 12. Nbd2 Nc5 13. b3 a5 14. bxc4 bxc4 15. Nf1 Ba6 16. Ng3 Rfb8 17. Ba3 g6 18. Qe3 {0-1 (43) Mamedov,R (2645)-Wang,H (2726) Douglas 2019}) 10... Qc7 {[%emt 0:01:37]} 11. dxe5 {[%emt 0:01:02]} dxe5 {[%emt 0:01:57]} 12. a4 $146 {[%emt 0:00:11]} ({Predecessor:} 12. Nbd2 Bb7 13. Nf1 c4 14. Ng3 Nc5 15. Ng5 h6 16. Nh3 Rfd8 17. f3 Nd3 18. Bxd3 cxd3 {0-1 (43) Hosticka,F (2178)-Hodova,L (2093) Prague 2009}) 12... Rb8 {[%emt 0:04:11]} 13. axb5 {[%emt 0:16:27]} axb5 {[%emt 0:00:41]} 14. b3 {[%emt 0:01:58]} Rd8 {[%emt 0:08:00]} 15. Na3 {[%emt 0:01:16]} Ba6 {[%emt 0:05:53]} 16. Bd3 {[%emt 0:02:20]} c4 {[%emt 0:08:59]} 17. bxc4 {[%emt 0:00:23]} Bxa3 {[%emt 0:00:24]} ({Better is} 17... Nc5 $11 18. Bc2 bxc4) 18. Bxa3 {[%emt 0:01:20]} bxc4 {[%emt 0:00:25]} 19. Bc2 {[%emt 0:00:06]} Bb7 {[%emt 0:05:18]} 20. Be7 {[%emt 0:01:01]} Rdc8 {[%emt 0:10:58]} 21. Rad1 {[%emt 0:03:27]} Ne8 {[%emt 0:02:33]} 22. Bb4 {[%emt 0:01:57]} Ra8 {[%emt 0:07:59]} 23. Ra1 {[%emt 0:00:48]} Nef6 {[%emt 0:01:00]} 24. Nd2 {[%emt 0:00:51]} h6 {[%emt 0:09:06]} 25. Rxa8 {[%emt 0:01:06]} Bxa8 {[%emt 0:00:02]} 26. Ra1 $16 {[%emt 0:02:47]} Bb7 {[%emt 0:00:28]} 27. Ra7 {[%emt 0:00:59]} Qb8 {[%emt 0:02:20]} 28. Ra5 {[%emt 0:01:45]} Nb6 {[%emt 0:02:53]} 29. Qe3 {[%emt 0:02:07]} Nfd7 {[%emt 0:02:09]} 30. f3 {[%emt 0:03:11]} Rc6 {[%emt 0:02:20]} 31. Qf2 {[%emt 0:04:09]} Qd8 {[%emt 0:02:08]} 32. Nf1 {[%emt 0:00:52]} Re6 {[%emt 0:06:34]} 33. Qd2 {[%emt 0:00:39]} Qh4 {[%emt 0:03:23]} 34. Bd1 {[%emt 0:02:05]} Bc6 {[%emt 0:01:28]} 35. Be2 {[%emt 0:00:37]} Rg6 {[%emt 0:04:03]} 36. Ne3 {[%emt 0:01:10]} Kh7 {[%emt 0:03:35]} 37. Nxc4 {[%emt 0:07:17]} Nxc4 {[%emt 0:00:17]} 38. Bxc4 {[%emt 0:00:10]} Qf6 {[%emt 0:00:04]} 39. Qe3 {[%emt 0:01:08]} h5 {[%emt 0:00:48]} 40. Ra6 {[%emt 0:01:32]} Nb8 {[%emt 0:00:13]} 41. Ra2 {[%emt 0:00:30]} h4 {[%emt 0:00:20]} 42. h3 {[%emt 0:00:25]} Bd7 {[%emt 0:00:08]} 43. Kh2 {[%emt 0:01:52]} Rg3 {[%emt 0:00:01]} 44. Rf2 {[%emt 0:01:31]} Nc6 {[%emt 0:00:24]} 45. Bb5 {[%emt 0:01:34]} Qg6 {[%emt 0:01:04]} 46. Bxc6 {[%emt 0:02:06]} Qxc6 {[%emt 0:01:31]} 47. Qd2 {[%emt 0:02:59]} Qb6 {[%emt 0:00:50]} 48. c4 {[%emt 0:01:26]} Bc8 {[%emt 0:00:27]} 49. Bd6 {[%emt 0:02:32]} f6 {[%emt 0:00:08]} 50. f4 {[%emt 0:01:00]} Rg6 {[%emt 0:00:54]} 51. fxe5 {[%emt 0:00:55]} fxe5 {[%emt 0:00:01]} 52. Bxe5 {[%emt 0:00:30]} Qe6 {[%emt 0:00:55]} 53. Qd5 {[%emt 0:01:00]} Bb7 {[%emt 0:00:33]} 54. Qd4 {[%emt 0:07:25]} Rg5 {[%emt 0:00:01]} 55. Bf4 {[%emt 0:00:27]} Rg6 {[%emt 0:00:07]} 56. Re2 {[%emt 0:00:38]} Ba6 {[%emt 0:01:17]} 57. Rc2 {[%emt 0:01:14]} Bb7 {[%emt 0:00:09]} 58. e5 {[%emt 0:00:40]} Bc6 {[%emt 0:00:57]} 59. Qd8 {[%emt 0:02:23]} Rh6 {[%emt 0:00:29]} 60. Rf2 {[%emt 0:00:07]} Rh5 {[%emt 0:00:32]} 61. Qd3+ {[%emt 0:01:27]} Rf5 {[%emt 0:00:25]} 62. c5 {[%emt 0:00:20]} Bd5 {[%emt 0:00:34]} 63. Rd2 {[%emt 0:03:33]} Ba8 {[%emt 0:00:28]} 64. Ra2 {[%emt 0:02:45]} Bc6 {[%emt 0:00:29]} 65. Ra6 {[%emt 0:00:21]} g6 {[%emt 0:00:24]} 66. Ra7+ {[%emt 0:00:05]} Rf7 {[%emt 0:00:04]} 67. Qd6 {[%emt 0:03:39]} Bd5 {[%emt 0:00:24]} 68. Rxf7+ {[%emt 0:00:39]} Qxf7 {[%emt 0:00:03]} 69. Qf6 {[%emt 0:00:08]} Qb7 {[%emt 0:01:18]} 70. Qxh4+ {[%emt 0:00:19]} Kg8 {[%emt 0:00:08]} 71. Qf6 {[%emt 0:00:13]} Qc6 {[%emt 0:00:37]} 72. Qd8+ {[%emt 0:00:26]} Kf7 {[%emt 0:00:22]} 73. Bg5 {[%emt 0:01:19]} Qe6 {[%emt 0:01:08]} 74. Qc7+ {[%emt 0:00:49]} Ke8 {[%emt 0:00:04]} 75. Qd6 {[%emt 0:00:25]} Kf7 {[%emt 0:00:19]} 76. Bh6 {[%emt 0:00:21]} Ke8 {[%emt 0:00:23]} 77. Bg5 {[%emt 0:02:28]} Kf7 {[%emt 0:00:10]} 78. Qc7+ {[%emt 0:00:10]} Ke8 {[%emt 0:00:09]} 79. Bf6 {[%emt 0:00:04]} Qd7 {[%emt 0:00:39]} 80. Qd6 {[%emt 0:00:23]} Qe6 {[%emt 0:00:31]} 81. g4 {[%emt 0:00:23]} Kf7 {[%emt 0:00:38]} 82. Qc7+ {[%emt 0:00:05]} Ke8 {[%emt 0:00:05]} 83. Kg3 {[%emt 0:00:17]} Qd7 {[%emt 0:00:54]} 84. Qd6 {[%emt 0:00:05]} Qb7 {[%emt 0:01:35]} 85. Kh4 {[%emt 0:00:32]} Kf7 {[%emt 0:00:26]} 86. Kg5 {[%emt 0:00:21]} Be6 {[%emt 0:00:15]} 87. c6 {[%emt 0:00:11]} Qa7 {[%emt 0:00:12]} 88. Qd3 {[%emt 0:00:53]} Qc5 {[%emt 0:00:30]} 89. Qxg6+ {[%emt 0:00:17]} Kf8 {[%emt 0:00:14]} 90. Bg7+ {[%emt 0:00:15]} 1-0

[Event "Lozovatsky Memorial-B 2020"]
[Site "Chelyabinsk"]
[Date "2020.01.23"]
[Round "9.5"]
[White "Ansat, Aldiyar"]
[Black "Frolov, Artiom"]
[Result "1/2-1/2"]
[WhiteElo "2263"]
[BlackElo "2336"]
[Annotator "TA"]
[PlyCount "30"]
[EventDate "2020.01.15"]
[EventType "tourn"]
[EventCountry "RUS"]
[SourceTitle "playchess.com"]
[Source "ChessBase"]
[SourceQuality "1"]

{[%evp 9,30,27,37,38,34,40,42,42,43,38,39,49,40,41,35,16,55,49,65,54,72,70,81]} 1. e4 c5 2. Nf3 e6 3. d4 cxd4 4. Nxd4 a6 5. Nc3 {[%cal Bb1c3,Bc3a4,Ba4b6][%mdl 32]} Qc7 6. Qd3 {B43: Sicilian: Kan Variation: 5 Nc3} (6. g3 Bb4 7. Bd2 Nf6 8. Bg2 O-O 9. O-O Bc5 10. Nb3 Be7 11. f4 d6 12. g4 b5 13. g5 Nfd7 14. a3 Bb7 15. Be3 Nc6 16. Qh5 {1-0 (43) Guseinov,G (2664)-Caruana,F (2828) chess.com INT 2019}) 6... Nc6 7. Nxc6 dxc6 8. Qg3 Qxg3 9. hxg3 e5 10. Na4 Be6 11. Bc4 {[%mdl 64] [#] Decoy} Bxc4 $146 ({Predecessor:} 11... Nf6 12. Bxe6 fxe6 13. Nb6 Rd8 {1-0 (44) Michalik,P (2554)-Svatos,J (2256) Prague 2016}) 12. Nb6 $1 {[%csl LRa8,LRc4]} Rd8 {...Be6 is the strong threat.} 13. Nxc4 Rd4 {[%mdl 64] Double Attack} 14. Nd2 Nf6 15. f3 Be7 1/2-1/2

[Event "Lozovatsky Memorial-B 2020"]
[Site "Chelyabinsk"]
[Date "2020.01.23"]
[Round "9.7"]
[White "Sitnikov, Anton"]
[Black "Scherbakov, Mikhail"]
[Result "1-0"]
[WhiteElo "2406"]
[BlackElo "2232"]
[Annotator "TA"]
[PlyCount "61"]
[EventDate "2020.01.15"]
[EventType "tourn"]
[EventCountry "RUS"]
[SourceTitle "playchess.com"]
[Source "ChessBase"]
[SourceQuality "1"]

{[%evp 9,61,10,40,41,41,22,27,31,48,35,53,26,46,29,53,13,21,17,18,20,17,17,17,16,21,12,19,22,19,7,23,22,29,31,22,21,130,130,130,122,115,109,110,110,179,166,124,133,204,194,668,577,1408,1284]} 1. e4 c5 2. Nc3 Nc6 3. Bb5 e6 4. Bxc6 bxc6 5. d3 Ne7 6. f4 {B23: Closed Sicilian: Lines without g3} Ng6 (6... d5 7. Nf3 Ng6 8. b3 Bd6 9. e5 Be7 10. O-O O-O 11. Na4 f6 12. c4 fxe5 13. fxe5 {0-1 (37) Grischuk,A (2772)-Korobov,A (2652) Huaian 2017}) 7. Nh3 $146 ({Predecessor:} 7. Nf3 Be7 8. O-O d5 9. e5 O-O 10. Na4 Ba6 11. Qe2 Bb5 12. Nc3 Qd7 13. Bd2 {1-0 (60) Alekseenko,K (2563)-Zuo,Y (2346) Tarvisio 2017}) 7... Be7 8. Qh5 {White has an edge.} O-O 9. Ng5 Bxg5 10. fxg5 f5 11. gxf6 Qxf6 {...Qf2+ is the strong threat.} 12. Be3 d6 13. O-O-O e5 14. Qg5 Qxg5 15. Bxg5 h6 16. Be3 Bg4 17. Rdf1 Rxf1+ (17... Nh4 {looks sharper.} 18. Rxf8+ Kxf8 19. g3 Ng6 20. Rf1+ Ke7) 18. Rxf1 Rf8 19. Rxf8+ Nxf8 $11 {[%mdl 4096] Endgame KBN-KBN} 20. a3 {[%cal Ba2a3,Ba3b4,Bb4b5][%mdl 32]} Nd7 21. b4 cxb4 22. axb4 Nb6 (22... a6 $1 $11 {remains equal.}) 23. Bxb6 $1 $16 axb6 {[#] KB-KN} 24. b5 $1 {[%cal Rb5c6]} Bd7 25. Na4 cxb5 26. Nxb6 Be6 {[#]} (26... Bg4 $16) 27. Kb2 $1 $18 Kf7 28. Kc3 Ke7 (28... Bg4 $16 29. h3 Bd1) 29. Kb4 Ba2 $2 (29... Bf7 30. Kxb5 Ke6) 30. Nd5+ Ke6 31. Nc3 {[%mdl 64] Double Attack. Accuracy: White = 86%, Black = 28%.} 1-0

[Event "Lozovatsky Memorial-B 2020"]
[Site "Chelyabinsk"]
[Date "2020.01.23"]
[Round "9.8"]
[White "Tsvetkov, Pavel"]
[Black "Mischuk, Dmitry"]
[Result "1/2-1/2"]
[WhiteElo "2190"]
[BlackElo "2358"]
[Annotator "TA"]
[PlyCount "72"]
[EventDate "2020.01.15"]
[EventType "tourn"]
[EventCountry "RUS"]
[SourceTitle "playchess.com"]
[Source "ChessBase"]
[SourceQuality "1"]

{[%evp 9,72,-24,18,17,27,36,27,43,37,23,46,25,20,12,15,12,22,14,26,-16,-14,-14,-17,-18,0,0,10,14,11,13,20,11,24,0,0,0,0,-15,8,0,23,20,30,18,20,0,0,0,0,0,0,0,0,0,0,0,0,0,0,0,0,0,0,0,0]} 1. e4 c6 2. d4 d5 3. Nc3 dxe4 4. Nxe4 Nf6 5. Bd3 Nxe4 (5... Qxd4 $5 {[%cal Rf6e4]} 6. Nf3 Qb6 $11) 6. Bxe4 {B15: Caro-Kann: 3 Nc3: 3...g6 and 3...dxe4 4 Nxe4 Nf6 5 Nxf6+ exf6} Bf5 {[%mdl 64] [#] Decoy} 7. Bxf5 {Hoping for c3.} Qa5+ 8. c3 {White has an edge.} Qxf5 9. Qb3 (9. Ne2 {is more complex.} Nd7 10. O-O e6 11. Qb3 Qb5 12. Qxb5 cxb5 13. d5) 9... Qb5 $146 ({Predecessor:} 9... b6 10. Nf3 e6 11. O-O Bd6 12. Re1 Nd7 13. Qa4 {1-0 (37) Dragovic,M (2389)-Popovic,N (2212) Senta 2006}) 10. Qxb5 (10. Nf3 {is interesting.} Nd7 11. Bf4 Qxb3 12. axb3 Nb6 13. Ne5) 10... cxb5 11. Nf3 e6 12. Ke2 Bd6 13. Rd1 Nd7 14. Be3 Nb6 15. Ng5 Be7 16. Ne4 O-O 17. Bf4 b4 18. Bd6 Bxd6 19. Nxd6 bxc3 20. bxc3 Nd5 21. Rdc1 b6 22. c4 Rfd8 23. c5 f6 24. g3 e5 25. dxe5 fxe5 26. Ne4 Rac8 {The position is equal.} 27. Kf1 (27. Rc4 {looks sharper.} Nf6 28. Nxf6+ gxf6 29. Rac1 Kf7 30. Ke3) 27... Nf6 28. Nxf6+ gxf6 29. cxb6 axb6 30. Rxc8 Rxc8 $11 {[%mdl 4096] Endgame KR-KR} 31. Rb1 Rc6 32. Kg2 Kf7 33. Kf3 Rc3+ 34. Kg2 Ra3 35. Rxb6 Rxa2 36. h4 h5 {Accuracy: White = 50%, Black = 68%.} 1/2-1/2

[Event "Lozovatsky Memorial-B 2020"]
[Site "Chelyabinsk"]
[Date "2020.01.23"]
[Round "9.9"]
[White "Tologontegin, Semetey"]
[Black "Somkin, Kirill"]
[Result "1-0"]
[WhiteElo "2355"]
[BlackElo "2121"]
[Annotator "TA"]
[PlyCount "68"]
[EventDate "2020.01.15"]
[EventType "tourn"]
[EventCountry "RUS"]
[SourceTitle "playchess.com"]
[Source "ChessBase"]
[SourceQuality "1"]

{[%evp 9,68,14,11,12,12,8,46,46,50,43,56,64,66,48,31,0,0,-6,-2,-2,43,2,8,11,6,0,0,0,0,0,0,0,0,0,0,0,0,0,0,0,0,0,5,0,0,0,0,0,20,0,0,-16,0,0,31,27,118,115,118,119,145]} 1. b3 d5 2. Bb2 Bg4 3. Nf3 Nd7 4. e3 e5 5. h3 Bxf3 6. Qxf3 {A06: Réti Opening:1 Nf3 d5} Ngf6 7. c4 dxc4 $146 ({Predecessor:} 7... e4 8. Qd1 dxc4 9. Bxc4 Bd6 10. Nc3 O-O 11. d3 exd3 12. Bxd3 {½-½ (61) Harvey,M (2412)-Adams,M (2701) London 2019}) 8. Qxb7 {White is slightly better.} cxb3 9. axb3 Bd6 10. Bc4 O-O 11. Nc3 Nc5 12. Qc6 Rb8 $1 13. Rxa7 Nxb3 {Strongly threatening ...Bc5.} 14. Ra2 Na5 15. Qa4 (15. Rxa5 {looks sharper.} Rxb2 16. Rb5 Rb4 17. Ke2 Qa8 18. Qxa8 Rxa8 19. Rxb4 Bxb4 20. Na2) 15... Nxc4 16. Qxc4 Rb4 17. Qe2 Qb8 18. d3 Qb7 19. O-O Rb8 {[%cal Rb4b2]} 20. Ba1 Rb3 21. Rd1 h6 22. Qc2 Rb4 23. Rc1 Rb3 24. Ra4 Nd5 25. Ne4 Rb1 26. Nd2 Rxc1+ 27. Qxc1 Qb5 28. Qc4 Qb7 {[#] Hoping for ...Nb6.} 29. Qe4 Qb5 30. Rc4 Nf6 31. Qf5 Qa6 (31... Qa5 $5 32. Bc3 $8 Qa2 $11) 32. Bxe5 Qa5 (32... Qb5 $11 33. d4 Nd7) 33. Nf3 $16 Rb1+ 34. Kh2 $1 Rb8 {Accuracy: White = 73%, Black = 51%.} 1-0

[Event "Lozovatsky Memorial-B 2020"]
[Site "Chelyabinsk"]
[Date "2020.01.23"]
[Round "9.10"]
[White "Simantsev, Mikhail"]
[Black "Nugumanov, Bakhtiyar"]
[Result "1/2-1/2"]
[WhiteElo "2370"]
[BlackElo "2389"]
[Annotator "TA"]
[PlyCount "42"]
[EventDate "2020.01.15"]
[EventType "tourn"]
[EventCountry "RUS"]
[SourceTitle "playchess.com"]
[Source "ChessBase"]
[SourceQuality "1"]

{[%evp 11,42,12,35,34,36,8,10,7,2,0,0,0,0,-5,4,-22,10,14,12,6,26,10,36,17,57,43,53,0,-9,0,-3,0,-5]} 1. d4 e6 2. c4 Nf6 3. Nf3 Bb4+ 4. Nbd2 O-O 5. a3 Bxd2+ 6. Qxd2 d6 7. e3 {E11: Bogo-Indian} Qe7 (7... Nbd7 8. b4 a5 9. b5 b6 10. Be2 Bb7 11. O-O Ne4 12. Qc2 f5 13. Bb2 Rf6 {½-½ (30) Van Wely,L (2675)-Papaioannou,I (2637) Achaia 2017}) 8. Be2 e5 9. Qc2 Bg4 10. h3 Bh5 $1 11. O-O a5 12. b3 Nbd7 $146 ({Predecessor:} 12... e4 13. Nh2 Bxe2 14. Qxe2 {½-½ (34) Mu,K (2418)-Liu,Y (2413) China 2016}) 13. Bb2 Bg6 14. Qd1 h6 15. b4 Rfe8 16. Re1 e4 17. Nd2 Nh7 18. Bc3 a4 19. f4 ({Better is} 19. c5 $14) 19... exf3 $1 $11 {The position is equal.} 20. Bxf3 c6 21. b5 cxb5 {Accuracy: White = 34%, Black = 61%.} 1/2-1/2